Statistics for Largest Cities Starting With A

Click here to take the quiz!

General Stats

  • This quiz has been taken 36 times
  • The average score is 10 of 20

Answer Stats

PopulationAnswer% Correct
2,757,729Addis Ababa
82%
1,963,264Accra
79%
3,719,710Ahmedabad
79%
3,811,516Alexandria
76%
3,517,182Ankara
74%
3,677,115Abidjan
71%
1,275,857Amman
71%
1,225,235Adelaide
65%
1,977,663Algiers
65%
1,482,200Asuncion
59%
1,391,433Antananarivo
56%
2,000,900Almaty
50%
1,430,055Agra
47%
1,602,264Aleppo
44%
1,248,988Adana
24%
1,199,275Anshan
21%
1,073,438Allahabad
18%
1,092,450Amritsar
9%
2,015,483Al Basrah al Qadimah
0%
2,065,597Al Mawsil al Jadidah
0%

Score Distribution

Percentile by Number Answered

Percent of People with Each Score

Your Score History

You have not taken this quiz